[Event "Monte Grande FASGBA-ch"]
[Site "Monte Grande"]
[Date "2018.03.10"]
[Round "4.10"]
[White "Perez, Maximiliano Raul"]
[Black "Pinto, Natalia"]
[Result "0-1"]
[WhiteElo "1871"]
[BlackElo "1682"]
[PlyCount "112"]
[EventDate "2018.03.03"]
[EventType "swiss"]
[EventRounds "6"]
[EventCountry "ARG"]
[SourceTitle "EXT 2024"]
[Source "ChessBase"]
[SourceDate "2023.10.10"]
[SourceVersion "1"]
[SourceVersionDate "2023.10.10"]
[SourceQuality "1"]

1. c4 Nf6 2. Nc3 b6 3. e4 Bb7 4. d3 Nc6 5. f4 e5 6. f5 Bb4 7. Bg5 Qe7 8. Nf3 h6 9. Bh4 0-0-0 10. Qc2 Nd4 11. Qd1 g5 12. fxg6 fxg6 13. a3 Bxc3+ 14. bxc3 Nc6 15. Be2 g5 16. Bg3 d6 17. Qd2 Rdf8 18. 0-0 Qe8 19. Rae1 Nh5 20. Bd1 Nf4 21. Ba4 Qe7 22. Bxf4 gxf4 23. Bxc6 Bxc6 24. Qf2 Rfg8 25. Re2 Bd7 26. d4 Bh3 27. Qh4 Qxh4 28. Nxh4 Rg5 29. Kh1 Be6 30. d5 Bd7 31. Nf3 Rg6 32. Rff2 Rhg8 33. Nh4 R6g7 34. Nf3 h5 35. Rc2 Ba4 36. Rc1 Rh8 37. Kg1 h4 38. h3 Rg3 39. Kh2 Be8 40. Re1 c6 41. Kg1 c5 42. Kh2 Kc7 43. Kg1 Ba4 44. Rc1 Bd7 45. Kh2 Bc8 46. Rcc2 Ba6 47. Nd2 Rhg8 48. Kh1 Bc8 49. Nf3 Bxh3 50. gxh3 Rxh3+ 51. Nh2 Re3 52. Rfe2 Reg3 53. Rg2 h3 54. Rxg3 fxg3 55. Nf3 Rf8 56. Ng1 Rf2 0-1

[Event "Monte Grande FASGBA-ch"]
[Site "Monte Grande"]
[Date "2018.03.10"]
[Round "5.11"]
[White "Rodriguez Pinto, Bruno"]
[Black "Perez, Maximiliano Raul"]
[Result "1-0"]
[WhiteElo "1616"]
[BlackElo "1871"]
[PlyCount "57"]
[EventDate "2018.03.03"]
[EventType "swiss"]
[EventRounds "6"]
[EventCountry "ARG"]
[SourceTitle "EXT 2024"]
[Source "ChessBase"]
[SourceDate "2023.10.10"]
[SourceVersion "1"]
[SourceVersionDate "2023.10.10"]
[SourceQuality "1"]

1. e4 e6 2. d4 d5 3. exd5 exd5 4. Bd3 Bd6 5. Nf3 Bg4 6. 0-0 Nc6 7. Re1+ Nge7 8. c3 Qd7 9. Nbd2 0-0-0 10. a4 Rde8 11. b4 Ng6 12. h3 Bxh3 13. Rxe8+ Rxe8 14. gxh3 Qxh3 15. Qf1 Qh5 16. Bxg6 hxg6 17. Qg2 Nd8 18. Nf1 Ne6 19. Ng3 Qg4 20. Bd2 Bf4 21. Re1 Rh8 22. Ne5 Qh4 23. Nxf7 Bxd2 24. Rxe6 Rf8 25. Qxd5 Qf4 26. Re7 Qg4 27. Nd6+ Kd8 28. Ndf5+ Kc8 29. Qd7+ 1-0

[Event "Monte Grande IRT 49 Cup Pedro Dreyer"]
[Site "Monte Grande"]
[Date "2015.10.03"]
[Round "5.6"]
[White "Lo Presti, Roberto"]
[Black "Perez, Maximiliano Raul"]
[Result "0-1"]
[WhiteElo "1979"]
[BlackElo "1739"]
[PlyCount "70"]
[EventDate "2015.09.05"]
[EventType "swiss"]
[EventRounds "7"]
[EventCountry "ARG"]
[SourceTitle "EXT 2024"]
[Source "ChessBase"]
[SourceDate "2023.10.10"]
[SourceVersion "1"]
[SourceVersionDate "2023.10.10"]
[SourceQuality "1"]

1. e4 e6 2. d4 d5 3. e5 c5 4. c3 Nc6 5. Nf3 Qb6 6. a3 cxd4 7. cxd4 f6 8. exf6 Nxf6 9. Bd3 Bd6 10. 0-0 0-0 11. Nc3 e5 12. dxe5 Nxe5 13. Nxe5 Bxe5 14. h3 Bd7 15. Bc2 Bc6 16. Bg5 d4 17. Bxf6 Bxf6 18. Ne4 Rad8 19. Qd3 g6 20. b4 Bg7 21. Rfe1 Bxe4 22. Rxe4 Rc8 23. Ra2 Rc3 24. Bb3+ Kh8 25. Qd1 Rfc8 26. Rae2 Qc6 27. Ba4 b5 28. Bc2 Rd8 29. Re6 Qc8 30. Re1 Rxc2 31. Qf3 d3 32. Rd1 d2 33. Qe2 Rc1 34. Kh2 Rxd1 35. Qxd1 Qxe6 0-1

[Event "Monte Grande Valerio Lorenzi 2nd"]
[Site "Monte Grande"]
[Date "2015.05.15"]
[Round "4.5"]
[White "Perez, Maximiliano Raul"]
[Black "Gawel, Alfredo Juan"]
[Result "0-1"]
[WhiteElo "1759"]
[BlackElo "1722"]
[PlyCount "67"]
[EventDate "2015.05.08"]
[EventType "swiss"]
[EventRounds "7"]
[EventCountry "ARG"]
[SourceTitle "EXT 2024"]
[Source "ChessBase"]
[SourceDate "2023.10.10"]
[SourceVersion "1"]
[SourceVersionDate "2023.10.10"]
[SourceQuality "1"]

1. c4 d6 2. g3 e6 3. Bg2 Nf6 4. Nc3 Be7 5. e4 0-0 6. Nge2 Nbd7 7. 0-0 Rb8 8. d4 Nb6 9. b3 c5 10. d5 Nbd7 11. f4 a6 12. a4 e5 13. f5 h6 14. h3 Nh7 15. h4 Re8 16. Be3 Ndf6 17. Bf3 Bd7 18. Kg2 Bf8 19. g4 g6 20. Ng3 b5 21. axb5 axb5 22. Qd2 bxc4 23. bxc4 Rb4 24. Be2 Qb6 25. Bxh6 Rb2 26. Qd3 Nxg4 27. Qf3 Nxh6 28. fxg6 fxg6 29. h5 Bg7 30. Qe3 Rxe2+ 31. Ncxe2 g5 32. Qf3 Re7 33. Nf5 Nxf5 34. exf5 0-1